<?xml version="1.0" encoding="UTF-8" ?>
<collection xmlns="http://www.loc.gov/MARC21/slim"><record><leader>00879nab a2200241 nc4500</leader><controlfield tag="001">25368</controlfield><controlfield tag="003">CH-000273-5</controlfield><controlfield tag="005">20180417152642.0</controlfield><datafield tag="035" ind1=" " ind2=" "><subfield code="a">(OCoLC)1005880551</subfield></datafield><datafield tag="040" ind1=" " ind2=" "><subfield code="a">CH-000273-5</subfield><subfield code="b">ger</subfield><subfield code="e">rda</subfield></datafield><datafield tag="041" ind1=" " ind2=" "><subfield code="a">ger</subfield></datafield><datafield tag="245" ind1="0" ind2="0"><subfield code="a">Zeit-Echo</subfield><subfield code="c">Herausgeber: Ludwig Rubiner</subfield><subfield code="n">3(1917), August-September</subfield></datafield><datafield tag="264" ind1="0" ind2="1"><subfield code="a">Bümpliz-Bern</subfield><subfield code="b">Benteli A.-G.</subfield><subfield code="c">1917</subfield></datafield><datafield tag="300" ind1=" " ind2=" "><subfield code="a">56 Seiten</subfield><subfield code="b">Illustrationen, schwarz-weiss</subfield><subfield code="c">22,7 x 15,7 cm</subfield></datafield><datafield tag="336" ind1=" " ind2=" "><subfield code="a">Text</subfield><subfield code="b">txt</subfield><subfield code="2">rdacontent</subfield></datafield><datafield tag="337" ind1=" " ind2=" "><subfield code="a">ohne Hilfsmittel zu benutzen</subfield><subfield code="b">n</subfield><subfield code="2">rdamedia</subfield></datafield><datafield tag="338" ind1=" " ind2=" "><subfield code="a">Band</subfield><subfield code="b">nc</subfield><subfield code="2">rdacarrier</subfield></datafield><datafield tag="510" ind1="4" ind2="0"><subfield code="a">Dada in Zürich, 1985</subfield><subfield code="c">S. 239, Nr. 102</subfield></datafield><datafield tag="610" ind1="2" ind2="7"><subfield code="x">Kunsthaus Zürich</subfield><subfield code="x">Sammlung</subfield><subfield code="x">Dadaismus</subfield><subfield code="2">gnd</subfield></datafield><datafield tag="655" ind1="0" ind2="7"><subfield code="a">Zeitschrift</subfield><subfield code="2">gnd-content</subfield></datafield><datafield tag="773" ind1=" " ind2=" "><subfield code="t">Zeit-Echo</subfield><subfield code="w">(CH-000273-5)25352</subfield></datafield><datafield tag="852" ind1="4" ind2="0"><subfield code="a">CH-000273-5</subfield><subfield code="c">DADA III:38:3:4</subfield></datafield><datafield tag="856" ind1="4" ind2="1"><subfield code="u">https://digital.kunsthaus.ch/viewer/image/25368/1/</subfield><subfield code="y">Kunsthaus Zürich Sammlungen online</subfield></datafield></record></collection>